Normal view
MARC view
Entry Personal Name
001 - CONTROL NUMBER
- control field: 1019312
003 - CONTROL NUMBER IDENTIFIER
- control field: OSt
005 - DATE AND TIME OF LATEST TRANSACTION
- control field: 20260121155424.0
008 - FIXED-LENGTH DATA ELEMENTS
- fixed length control field: 260121|| aca||aabn | a|a d
040 ## - CATALOGING SOURCE
- Original cataloging agency: OSt
- Transcribing agency: OSt
100 ## - HEADING--PERSONAL NAME
- Personal name: Ana Cec¡lia Cossi Bizon; Elizabeth Maria FontÆo do Patroc¡nio; Leandro Rodrigues Alves Diniz
670 ## - SOURCE DATA FOUND
- Source citation: Work cat.: (OSt)1586131: Ana Cec¡lia Cossi Bizon; Elizabeth Maria FontÆo do Patroc¡nio; Leandro Rodrigues Alves Diniz , Mano a Mano: Portuguˆs para Falantes de Espanhol
